| 000 | 00599nam a2200229Ia 4500 | ||
|---|---|---|---|
| 003 | GCL | ||
| 008 | 140319s9999 xx 000 0 eng d | ||
| 040 |
_aGCL / _cGCL |
||
| 082 | 0 | 4 |
_a690 _bZ O |
| 100 | 1 | _aZAKNI, IVAN | |
| 245 | 1 | 0 |
_a100 OF THE WORLD'S TALLEST BUIDLINGS / _cZAKNI, IVAN |
| 700 | 1 | _aSMITH, MATHEW | |
| 700 | 1 | _aRICE, DOLORES | |
| 260 |
_a[S.N] : _bIMAGES PUBLISHING ، _c1998 |
||
| 300 | _a220 P | ||
| 650 | 0 | 4 | _aBUILDINGS |
| 650 | 0 | 4 | _aSKYSCRAPERS |
| 650 | 0 | 4 | _aTALL BUILDINGS |
| 650 | 0 | 4 | _aBUILDING DESIGN |
| 650 | 0 | 4 | _aHIGH - RISE APARTMENT BUIDLINGS |
| 942 |
_2ddc _cBK |
||
| 999 |
_c16437 _d16437 |
||